Music Quiz

Random Music or Album Quiz

Wait, whose album is this??? (Slideshow) Quiz Stats

Quiz not verified by Sporcle

Challenge
Share
Tweet
Score 0/25 Timer 07:00
0 Plays Today
% Correct
Dark Side of the Moon (Pink Floyd)
90.5%
The Velvet Underground & Nico (The Velvet Underground)
73.7%
Wish You Were Here (Pink Floyd)
72.3%
Houses of the Holy (Led Zeppelin)
71.2%
The Division Bell (Pink Floyd)
70.4%
Untitled (Led Zeppelin)
65%
X & Y (Coldplay)
60.1%
In the Court of the Crimson King (King Crimson)
48.6%
Hail to the Thief (Radiohead)
46.7%
Neon Bible (Arcade Fire)
45.8%
In the Aeroplane Over the Sea (Neutral Milk Hotel)
43.5%
St. Anger (Metallica)
43.3%
Layla and Other Assorted Love Songs (Derek and the Dominoes)
41.5%
% Correct
My Beautiful Dark Twisted Fantasy (Kanye West)
38.2%
Endtroducing... (DJ Shadow)
27.1%
Merriweather Post Pavilion (Animal Collective)
26.7%
Bon Iver (Bon Iver)
26.3%
Power, Corruption & Lies (New Order)
24.1%
McCartney (Paul McCartney)
23.6%
It's Blitz (Yeah Yeah Yeahs)
23.1%
There's a Riot Goin' On (Sly and the Family Stone)
22.5%
Lift Your Skinny Fists Like Antennas to Heaven (Godspeed You! Black Emperor)
21.7%
Year Zero (Nine Inch Nails)
13.6%
The Information (Beck)
9%
I Am Not a Human Being 2 (Lil Wayne)
6.5%

You're not logged in!

Compare scores with friends on all Sporcle quizzes.
Sign Up with Email
OR
Log In

You Might Also Like...

Show Comments

Extras

Top Quizzes Today


Quiz Stats

Your Account Isn't Verified!

In order to create a playlist on Sporcle, you need to verify the email address you used during registration. Go to your Sporcle Settings to finish the process.